Estudios históricos de colonización / (Record no. 113161)

MARC details
000 -LEADER
campo de control de longitud fija 00635nam a2200169 4500
001 - NÚMERO DE CONTROL
campo de control 113161
003 - IDENTIFICADOR DE NÚMERO DE CONTROL
campo de control ES-MaACL
007 - CAMPO FIJO DE DESCRIPCIÓN FÍSICA--INFORMACIÓN GENERAL
campo de control de longitud fija t|
008 - DATOS DE LONGITUD FIJA--INFORMACIÓN GENERAL
campo de control de longitud fija 061121s1929 sp r ||||1| spa d
100 1# - ENTRADA PRINCIPAL--NOMBRE DE PERSONA
Nombre de persona Nieulant, Luis de.
9 (RLIN) 85725
245 10 - MENCIÓN DEL TÍTULO
Título Estudios históricos de colonización /
Mención de responsabilidad, etc. Luis de Nieulant ; Departamento de El Bastón de L.M.N. y M.L. Ciudad de Ciudad Rodrigo ; prólogo de Constancio Bernaldo de Quirós.
260 ## - PUBLICACIÓN, DISTRIBUCIÓN, ETC.
Lugar de publicación, distribución, etc. Madrid :
Nombre del editor, distribuidor, etc. [s.n.],
Fecha de publicación, distribución, etc. 1929 (
Fabricante Imp. Helénica)
300 ## - DESCRIPCIÓN FÍSICA
Extensión 158 p. ;
Dimensiones 22 cm.
700 1# - ENTRADA AGREGADA--NOMBRE PERSONAL
Nombre de persona Bernaldo de Quirós, Constancio,
Fechas asociadas al nombre 1873-1959
9 (RLIN) 28215
852 ## - LOCALIZACIÓN
Ubicación ES-MaACL
Número de control de estantería B-3612
Holdings
Estatus retirado Estado de pérdida Estado de daño No para préstamo Biblioteca de origen Biblioteca actual Ubicación en estantería Fecha de adquisición Fuente de adquisición Total de préstamos Signatura topográfica completa Código de barras Visto por última vez Precio de reemplazo Tipo de ítem Koha
        Biblioteca del Ateneo de Madrid Biblioteca del Ateneo de Madrid Sala Pardo Bazán 17/01/2008     B-3612 1118033 23/02/2023 23/02/2023 Libro impreso